| 000 | 00636nam a22001817a 4500 | ||
|---|---|---|---|
| 020 | _qHard Cover. | ||
| 082 | _a330 | ||
| 100 | _aAttia Shuaib : Laiba Khurram : Samrah Abdul Ghaffar. | ||
| 245 |
_aFDI and Environmental Degradation: _bA Case Study of Pakistan / _cShuaib, Attia : Khurram, Laiba : Abdul Ghaffar, Samrah |
||
| 260 |
_aIslamabad: _bS3H-NUST, _c2021. |
||
| 300 |
_a26 p. : _bill. ; _c30cm. |
||
| 563 | _aHB | ||
| 650 | _aBS-Economics. | ||
| 700 |
_aDr. Samina Naveed _917416 |
||
| 856 | _uhttp://10.250.8.41:8080/xmlui/handle/123456789/24378 | ||
| 942 |
_2ddc _cPR |
||
| 999 |
_c566203 _d566203 |
||